Statistics for Word Chain London Underground Trip

Click here to take the quiz!

General Stats

  • This quiz has been taken 411 times
  • The average score is 3 of 24

Answer Stats

Station% Correct
Paddington
99%
Tottenham
Court Road
18%
Northolt
16%
London Bridge
15%
Tufnell Park
12%
Stockwell
11%
Earl's Court
10%
Kew Gardens
10%
Tooting Bec
8%
Embankment
7%
Temple
7%
Pimlico
6%
Hyde Park Corner
5%
Monument
5%
Ruislip
5%
Debden
4%
East Ham
4%
Oval
4%
Fairlop
3%
Harrow-on-the-Hill
3%
Lambeth North
3%
Leytonstone
3%
North Greenwich
3%
Canare Wharf
1%

Score Distribution

Percentile by Number Answered

Percent of People with Each Score

Your Score History

You have not taken this quiz